Foundations of the theory of algebraic invariants /
Guardado en:
| Autor Principal: | |
|---|---|
| Formato: | Libro |
| Idioma: | English Russian |
| Publicado: |
Groningen :
P. Noordhoff,
1964.
|
| Etiquetas: |
Agregar Etiqueta
Sin Etiquetas, Sea el primero en etiquetar este registro!
|
| LEADER | 00836nam a22002175a 4500 | ||
|---|---|---|---|
| 001 | MAT.inmabb005199 | ||
| 008 | 080908s1964####ne#######b####001#0#eng#d | ||
| 005 | 20160802141838.0 | ||
| 245 | 1 | 0 | |a Foundations of the theory of algebraic invariants / |c G. B. Gurevich ; translated by J. R. M. Radok and A. J. M. Spencer. |
| 260 | |a Groningen : |b P. Noordhoff, |c 1964. | ||
| 300 | |a viii, 429 p. ; |c 23 cm. | ||
| 500 | |a Traducción de: Osnovy teorii algebraicheskikh invariantov. 1948. | ||
| 504 | |a Bibliografía: p. [418]. | ||
| 510 | 4 | |a MR, |c 32 #1211 | |
| 100 | 1 | |a Gurevich, G. B. |q (Grigorii Borisovich), |d 1898- | |
| 240 | 1 | 0 | |a Osnovy teorii algebraicheskikh invariantov. |l Inglés |
| 246 | 3 | 8 | |a Theory of algebraic invariants. |
| 084 | |a 15.85 (14.50) |2 MR | ||
| 084 | |a 15A72 |2 msc2000 | ||
| 041 | 1 | |a eng |h rus | |
| 859 | |h 15 |i G979 |p A-2904 |b BIB. MATEMATICA | ||
